FINANCIAL MANAGEMENT : TEXT, PROBLEMS AND CASES (Record no. 87635)
[ view plain ]
| 000 -LEADER | |
|---|---|
| fixed length control field | 00340nam a22001337a 4500 |
| 020 ## - INTERNATIONAL STANDARD BOOK NUMBER | |
| ISBN | 9780071067850 |
| 082 ## - DEWEY DECIMAL CLASSIFICATION NUMBER | |
| Classification number | 658.15/KHA |
| 100 ## - MAIN ENTRY--AUTHOR NAME | |
| Personal name | KHAN M. Y. / JAIN P. K. |
| 245 ## - TITLE STATEMENT | |
| Title | FINANCIAL MANAGEMENT : TEXT, PROBLEMS AND CASES |
| 250 ## - EDITION STATEMENT | |
| Edition statement | 1ST |
| 260 ## - PUBLICATION, DISTRIBUTION, ETC. (IMPRINT) | |
| Place of publication | KOLKATA |
| Name of publisher | McGRAW HILL EDUCATION PVT. LTD. |
| Year of publication | 2013 |
| 300 ## - PHYSICAL DESCRIPTION | |
| Number of Pages | 36.45 |
| 942 ## - ADDED ENTRY ELEMENTS (KOHA) | |
| Koha item type | Books |
| Withdrawn status | Lost status | Collection code | Home library | Current library | Shelving location | Date acquired | Source of acquisition | Cost, normal purchase price | Full call number | Accession Number | Koha item type | Department |
|---|---|---|---|---|---|---|---|---|---|---|---|---|
| Gen Ref. Book | Modern College of Arts, Science and Commerce (Autonomous), Shivajinagar, Pune-5 | Modern College of Arts, Science and Commerce (Autonomous), Shivajinagar, Pune-5 | On Display | 27/03/2024 | SMT. ANURADHA WAGH | 638.00 | 658.15/KHA | G6936 | Donated (Gift) Books | Commerce |
